000
00214 a2200109 4500
020
_a
9789992467213
041
_a
spa
100
_a
Maria Lopez Vigil
245
_a
Cinco Noches Arrechas
942
_c
BK
952
_7
1
999
_c
23144
_d
23144